00490nam a22001577a 4500003000900000008004100009040007100050082001700121100001600138245003500154260004100189300002800230650002800258650002500286650002100311AR-CdUCM190222b ||||| |||| 00| 0 eng d aMUNICIPALIDAD PROVINCIAL DEL CUSCOcBIBLIOTECA MUNICIPAL DEL CUSCO a818.4 /bT98 aTwain, Mark aThe adventures of Tom Sawyer / aU.S.A :bLaurel-Leaf library,c1972. a254 páginas ;c18 cm. aNovelas estadounidenses aNovelas de aventuras aNovela siglo XIX